| 000 | 00382 a2200133 4500 | ||
|---|---|---|---|
| 999 |
_c13254 _d13254 |
||
| 003 | OSt | ||
| 005 | 20250417120302.0 | ||
| 008 | 250417b ||||| |||| 00| 0 eng d | ||
| 020 | _a 9781616899929 | ||
| 100 | _a Edith Young | ||
| 245 | _aColor Scheme: An Irreverent History of Art and Pop Culture in Color Palettes | ||
| 260 |
_bPrinceton Architectural Press _c2021 |
||
| 942 | _2ddc | ||